Catálogo

El arte de la escritura dramática : (Registro nro. 71038)

Detalles MARC
000 -LEADER
fixed length control field 01465nam a2200361 i 4500
001 - CONTROL NUMBER
control field 71038
003 - CONTROL NUMBER IDENTIFIER
control field Mx-PuUPA
005 - DATE AND TIME OF LATEST TRANSACTION
control field 20240607091047.0
008 - FIXED-LENGTH DATA ELEMENTS--GENERAL INFORMATION
fixed length control field 240607s2017 mx |||gr|||| 00| 0 spa d
020 ## - INTERNATIONAL STANDARD BOOK NUMBER
International Standard Book Number 9786070298769
040 ## - CATALOGING SOURCE
Original cataloging agency Mx-PuUPA
Language of cataloging spa
Transcribing agency Mx-PuUPA
Modifying agency Mx-PuUPA
Description conventions rda
041 1# - LANGUAGE CODE
Language code of text/sound track or separate title spa
Language code of original eng
100 1# - MAIN ENTRY--PERSONAL NAME
Personal name Egri, Lajos,
Dates associated with a name 1888-1967
9 (RLIN) 15695
Relator term autor
240 14 - UNIFORM TITLE
Uniform title The art of dramatic writing.
Language of a work Español
245 13 - TITLE STATEMENT
Title El arte de la escritura dramática :
Remainder of title fundamentos para la interpretación creativa de las motivaciones humanas /
Statement of responsibility, etc. Lajos Egri ; traducción y prólogo, Silvia Peláez
250 ## - EDITION STATEMENT
Edition statement Segunda edición
264 #1 - PRODUCTION, PUBLICATION, DISTRIBUTION, MANUFACTURE, AND COPYRIGHT NOTICE
Place of production, publication, distribution, manufacture Ciudad de México :
Name of producer, publisher, distributor, manufacturer Universidad Nacional Autónoma de México : Escuela Nacional de Artes Cinematográficas,
Date of production, publication, distribution, manufacture, or copyright notice ©2017
300 ## - PHYSICAL DESCRIPTION
Extent 356 páginas ;
Dimensions 23 cm
336 ## - CONTENT TYPE
Fuente rdacontent
Content type term texto
Content type code txt
337 ## - MEDIA TYPE
Source rdamedia
Media type term sin medio
Media type code n
338 ## - CARRIER TYPE
Source rdacarrier
Carrier type term volumen
Carrier type code nc
490 0# - SERIES STATEMENT
Series statement Letras Fílmicas
545 1# - BIOGRAPHICAL OR HISTORICAL DATA
Biographical or historical data Reimpresiones: (Primera, 2023).
650 #7 - SUBJECT ADDED ENTRY--TOPICAL TERM
Source of heading or term armarc
Topical term or geographic name entry element Dram
General subdivision Técnia
650 #7 - SUBJECT ADDED ENTRY--TOPICAL TERM
Source of heading or term armarc
Topical term or geographic name entry element Autoría
650 #7 - SUBJECT ADDED ENTRY--TOPICAL TERM
Source of heading or term armarc
Topical term or geographic name entry element Escritura creativa
700 1# - ADDED ENTRY--PERSONAL NAME
Personal name Peláez, Silvia,
Relator term traductor
-- prologuista
765 0# - ORIGINAL LANGUAGE ENTRY
Main entry heading Egri, Lajos, 1888-1967
Place, publisher, and date of publication Nueva York : Rockefeller Center, 2004
Title The art of dramatic writing.
942 ## - ADDED ENTRY ELEMENTS (KOHA)
Source of classification or shelving scheme Dewey Decimal Classification
Koha item type Libro
Classification part 808.2
Item part E32
Existencias
Withdrawn status Lost status Source of classification or shelving scheme Damaged status Not for loan Collection code Home library Current library Shelving location Date acquired Source of acquisition Cost, normal purchase price Total Checkouts Total Renewals Full call number Barcode Date last seen Date last checked out Copy number Cost, replacement price Price effective from Koha item type
    Dewey Decimal Classification     General Biblioteca Karol Wojtyla Biblioteca Karol Wojtyla Sala general 14/05/2024 25 830.00 1 1 808.2 E32 2017 104816 05/01/2026 02/05/2025 Ej.2 830.00 14/05/2024 Libro
    Dewey Decimal Classification     General Biblioteca Karol Wojtyla Biblioteca Karol Wojtyla Sala general 14/05/2024 25 830.00     808.2 E32 2017 104815 05/01/2026     830.00 14/05/2024 Libro